000 003160000a22000970004500
100 1 _aSommer, Benjamin D.
245 1 0 _aExegesis, allusion and intertextuality in the hebrew Bible : A response to Lyle Eslinger
300 _aVol. 46, Num. 4 (Octubre, 1996), Páginas 479-489
773 0 _tVetus Testamentum
942 _cANA
999 _c58052
_d58052